000 00517 a2200193 4500
005 20260430122649.0
008 260430b |||||||| |||| 00| 0 eng d
020 _a9789351286585
_cRs. 750.00
040 _aMAIN
082 _a519.5
_bF531S
100 _aFisher, Ronald A
245 _aStatistical methods for research workers
260 _bKalpaz Publications
_c2017
_aDelhi
300 _aviii, 354
650 _aStatistical Methods
650 _aProbabilities
650 _aApplied Mathematics
942 _cBK
999 _c394366
_d394366